000 00672nam a2200265Ia 4500
005 20260121165905.0
008 008 260114s9999 xx 000 0 eng d
020 _a9783319415161
037 _aEBOOK
040 _aCRL
040 _beng
040 _cCRL
041 _2eng
041 _aeng
084 _qCRL
100 _aAnne Collett, Russell McDougall, Sue Thomas
_91057298
245 0 _aTracking the Literature of Tropical Weather
260 _bSpringer
260 _bSpringer
260 _c2017
856 _uhttps://link.springer.com/openurl?genre=book&isbn=978-3-319-41516-1
942 _cEBOOK
999 _c1623026
_d1623026